书目信息 |
| 题名: |
长号演奏技巧
|
|
| 作者: | 刘兵 编著 | |
| 分册: | ||
| 出版信息: | 北京 现代出版社 2016 |
|
| 页数: | 169页 | |
| 开本: | 29cm | |
| 丛书名: | 一学就会演奏系列 | |
| 单 册: | ||
| 中图分类: | J621.76 | |
| 科图分类: | ||
| 主题词: | 长号--chang hao--吹奏法 | |
| 电子资源: | ||
| ISBN: | 978-7-5143-4034-1 | |
| 000 | 00849nam0 22002531 450 | |
| 001 | 0102093650 | |
| 005 | 20170402093650.0 | |
| 010 | @a978-7-5143-4034-1@dCNY39.80 | |
| 100 | @a20160411d2016 em y0chiy50 ea | |
| 101 | 0 | @achi |
| 102 | @aCN@b110000 | |
| 105 | @aag z 000yy | |
| 106 | @ar | |
| 200 | 1 | @a长号演奏技巧@Achang hao yan zou ji qiao@b专著@f刘兵编著 |
| 210 | @a北京@c现代出版社@d2016 | |
| 215 | @a169页@c图@d29cm | |
| 225 | 2 | @a一学就会演奏系列@Ayi xue jiu hui yan zou xi lie |
| 330 | @a本书从长号的发展史讲起,介绍了多位世界著名演奏家,让读者从器乐学、以长号为线索的音乐史为了解途径,一步步进入学习演奏长号的状态。 | |
| 461 | 0 | @12001 @a一学就会演奏系列 |
| 606 | 0 | @a长号@Achang hao@x吹奏法 |
| 690 | @aJ621.76@v5 | |
| 701 | 0 | @a刘兵@Aliu bing@4编著 |
| 801 | 0 | @aCN@bTANGWEI@c20170308 |
| 905 | @b0964699-701@dJ621.76@e294@f3 | |
| 长号演奏技巧/刘兵编著.-北京:现代出版社,2016 |
| 169页:图;29cm.-(一学就会演奏系列) |
| ISBN 978-7-5143-4034-1:CNY39.80 |
| 本书从长号的发展史讲起,介绍了多位世界著名演奏家,让读者从器乐学、以长号为线索的音乐史为了解途径,一步步进入学习演奏长号的状态。 |
| ● |
| 相关链接 |
|
|
|
|
正题名:长号演奏技巧
索取号:J621.76/294
 
预约/预借
| 序号 | 登录号 | 条形码 | 馆藏地/架位号 | 状态 | 备注 |
| 1 | 0964699 | 209646999 | 第一样本阅览室/ [索取号:J621.76/294] | 在馆 | |
| 2 | 0964700 | 209647006 | 第一借阅区/ [索取号:J621.76/294] | 在馆 | |
| 3 | 0964701 | 209647015 | 第一借阅区/ [索取号:J621.76/294] | 在馆 |